Normal view MARC view

Entry Personal Name

Number of records used in: 3

001 - CONTROL NUMBER

  • control field: 1178101

003 - CONTROL NUMBER IDENTIFIER

  • control field: OSt

005 - DATE AND TIME OF LATEST TRANSACTION

  • control field: 20260324125452.0

008 - FIXED-LENGTH DATA ELEMENTS

  • fixed length control field: 260324|| aca||aabn | a|a d

040 ## - CATALOGING SOURCE

  • Original cataloging agency: OSt
  • Transcribing agency: OSt

100 ## - HEADING--PERSONAL NAME

  • Personal name: Tom Hubbard; Keith Carabine; Ralph Pite; Lindy Stiebel

670 ## - SOURCE DATA FOUND

  • Source citation: Work cat.: (OSt)1773385: Tom Hubbard; Keith Carabine; Ralph Pite; Lindy Stiebel, Lives of Victorian Literary Figures, Part VII, Volume 3
Copyright @ Delhi University Library System